[Event "Torneo A Autunno Vomero"]
[Site "Napoli ITA"]
[Date "2016.09.29"]
[Round "4"]
[White "Sparice, Lorenzo"]
[Black "Fortuna, Armando"]
[WhiteElo "1431"]
[BlackElo "1657"]
[Result "0-1"]
[PlyCount "62"]
[EventDate "2016.09.15"]

1. d4 Nf6 2. Nf3 e6 3. e3 c5 4. c3 d5 5. dxc5 Bxc5 6. b4 Bd6 7. Nbd2 Qc7 8. Bb2
O-O 9. a3 Nc6 10. Bb5 Bd7 11. Bxc6 Bxc6 12. O-O a5 13. c4 axb4 14. cxd5 Bxd5
15. axb4 Bxb4 16. Bxf6 gxf6 17. Rxa8 Rxa8 18. Nd4 Kh8 19. N2f3 Rg8 20. Nh4 Bd6
21. g3 Qe7 22. Qb1 f5 23. Ndf3 Qf6 24. Qa1 e5 25. Rd1 Bc6 26. Qc3 Bc7 27. Rc1
f4 28. Ng2 fxg3 29. Nge1 gxh2+ 30. Kxh2 Bxf3 31. Nxf3 Qxf3 0-1

[Event "Torneo A Autunno Vomero"]
[Site "Napoli ITA"]
[Date "2016.09.29"]
[Round "4"]
[White "Tassaro, Renato"]
[Black "Di Giovine, Massimo"]
[WhiteElo "1588"]
[BlackElo "1588"]
[Result "0-1"]
[PlyCount "36"]
[EventDate "2016.09.15"]

1. d4 d5 2. Nf3 Nf6 3. h3 e6 4. c3 Bd6 5. Nbd2 Nbd7 6. Qc2 O-O 7. e4 e5 8. dxe5
Nxe5 9. exd5 Nxf3+ 10. Nxf3 Re8+ 11. Be2 Qe7 12. Be3 Nxd5 13. Ng5 g6 14. Qd2
Nf4 15. Bxf4 Bxf4 16. Qc2 Bf5 17. Qxf5 gxf5 18. O-O Qxe2 0-1

[Event "Torneo A Autunno Vomero"]
[Site "Napoli ITA"]
[Date "2016.10.06"]
[Round "5"]
[White "Auletta, Pasquale"]
[Black "Ficco, Corrado"]
[WhiteElo "1635"]
[BlackElo "2041"]
[Result "0-1"]
[PlyCount "50"]
[EventDate "2016.09.15"]

1. e4 c5 2. Nf3 e6 3. d4 cxd4 4. Nxd4 Nf6 5. Nc3 Nc6 6. Ndb5 d6 7. Bf4 e5 8.
Bg5 a6 9. Na3 b5 10. Nd5 Be7 11. Bxf6 Bxf6 12. c3 O-O 13. Nc2 Bg5 14. a4 bxa4
15. Rxa4 a5 16. Bb5 Bb7 17. h4 Bh6 18. Qg4 Ne7 19. Nf6+ Kh8 20. Nd7 Bc8 21. Rc4
Ra7 22. Qh5 Bxd7 23. Bxd7 Qxd7 24. g4 Bf4 25. Ke2 Qb5 0-1

[Event "Torneo A Autunno Vomero"]
[Site "Napoli ITA"]
[Date "2016.10.06"]
[Round "5"]
[White "Buiano, Fabio"]
[Black "Chiummo, Sergio"]
[WhiteElo "2137"]
[BlackElo "1912"]
[Result "1-0"]
[PlyCount "59"]
[EventDate "2016.09.15"]

1. e4 e6 2. d4 d5 3. Nc3 Nf6 4. Bg5 Be7 5. e5 Nfd7 6. Bxe7 Qxe7 7. f4 a6 8. Nf3
c5 9. dxc5 Nxc5 10. Qd2 Nc6 11. O-O-O b5 12. Bd3 Nb4 13. Kb1 Ncxd3 14. cxd3 Nc6
15. Rc1 Bd7 16. Ne2 Rc8 17. Ned4 O-O 18. Qe3 Nb8 19. Nb3 Rxc1+ 20. Rxc1 Rc8 21.
Rxc8+ Bxc8 22. Qb6 Nd7 23. Qc7 Qe8 24. Nfd4 Nf8 25. Nc5 Nd7 26. b4 Kf8 27. Ndb3
g5 28. fxg5 Kg7 29. Qd6 Qd8 30. Nd4 1-0

[Event "Torneo A Autunno Vomero"]
[Site "Napoli ITA"]
[Date "2016.10.06"]
[Round "5"]
[White "Buonanno, Raffaele"]
[Black "Caiazzo, Diego"]
[WhiteElo "1923"]
[BlackElo "1699"]
[Result "1-0"]
[PlyCount "63"]
[EventDate "2016.09.15"]

1. d4 e6 2. c4 Nf6 3. Nc3 d5 4. cxd5 exd5 5. Bg5 Be7 6. e3 c6 7. Qc2 Nbd7 8.
Bd3 O-O 9. Nge2 Re8 10. O-O Nf8 11. f3 Nh5 12. Bxe7 Rxe7 13. e4 Nf6 14. e5 Ne8
15. f4 f6 16. Rae1 Rf7 17. f5 fxe5 18. dxe5 Qh4 19. Ng3 Qd4+ 20. Kh1 Re7 21. e6
Nf6 22. Nce2 Qb6 23. Nf4 Ng4 24. Rf3 Nf6 25. Nfh5 N8d7 26. Qd2 Nc5 27. Nxf6+
gxf6 28. Nh5 Nxd3 29. Rxd3 Qc7 30. Rg3+ Kh8 31. Qh6 Bxe6 32. Qxf6+ 1-0

[Event "Torneo A Autunno Vomero"]
[Site "Napoli ITA"]
[Date "2016.10.06"]
[Round "5"]
[White "Castellano, Riccardo"]
[Black "Radice, Mario"]
[WhiteElo "1598"]
[BlackElo "1803"]
[Result "1-0"]
[PlyCount "118"]
[EventDate "2016.09.15"]

1. e4 b6 2. d4 Bb7 3. Bd3 e6 4. Be3 Nf6 5. Nd2 Bb4 6. c3 Be7 7. h3 d6 8. Ne2
Nbd7 9. O-O O-O 10. f4 c5 11. Ng3 cxd4 12. cxd4 Rc8 13. Qe2 Rc7 14. Rac1 Qc8
15. Nf3 Rxc1 16. Rxc1 Qa8 17. Bf2 Rc8 18. Rxc8+ Qxc8 19. Qc2 Qxc2 20. Bxc2 Nf8
21. Nd2 Ng6 22. Be3 Nd7 23. f5 Bh4 24. fxe6 fxe6 25. Bb3 Kf7 26. Nf5 Be7 27.
Nxe7 Kxe7 28. Kf2 Nf6 29. Bc2 Kd7 30. g4 e5 31. d5 Nf4 32. Bxf4 exf4 33. g5 Nh5
34. Kf3 Ke7 35. Kg4 g6 36. h4 Ba6 37. Kf3 Kd7 38. Nb3 Bc4 39. Nd4 Bxa2 40. b3
a5 41. Ne2 b5 42. Nc1 Bxb3 43. Nxb3 a4 44. Nd4 a3 45. Bb3 Ng3 46. Kxf4 Nf1 47.
Nxb5 Nd2 48. Ba2 Ke7 49. Nxa3 Kd7 50. Nc4 Nxc4 51. Bxc4 Kc7 52. e5 Kd7 53. exd6
Kxd6 54. Ke4 Kd7 55. Ke5 Ke7 56. d6+ Kd8 57. Ke6 Ke8 58. d7+ Kd8 59. Bb5 h5 1-0

[Event "Torneo A Autunno Vomero"]
[Site "Napoli ITA"]
[Date "2016.10.06"]
[Round "5"]
[White "Cosenza, Gianni"]
[Black "Scarnera, Francesco"]
[WhiteElo "1908"]
[BlackElo "1665"]
[Result "1-0"]
[PlyCount "59"]
[EventDate "2016.09.15"]

1. e4 e5 2. Nf3 Nc6 3. Bb5 Nf6 4. d3 d6 5. O-O Be7 6. Nbd2 a6 7. Ba4 O-O 8. c3
b5 9. Bc2 d5 10. Qe2 d4 11. Re1 Bg4 12. h3 Bh5 13. Nf1 Nd7 14. g4 Bg6 15. Ng3
Nc5 16. Bd2 Qd7 17. Nf5 Bf6 18. cxd4 exd4 19. Rac1 Rfe8 20. Bb1 Ne6 21. Rc2 Ne5
22. Rec1 Nxf3+ 23. Qxf3 Bg5 24. Bxg5 Nxg5 25. Qg3 Ne6 26. Rc6 Qd8 27. a3 Qg5
28. h4 Qf4 29. Ba2 h6 30. Bxe6 1-0

[Event "Torneo A Autunno Vomero"]
[Site "Napoli ITA"]
[Date "2016.10.06"]
[Round "5"]
[White "De Maria, Dario"]
[Black "Mauro, Lucio"]
[WhiteElo "1544"]
[BlackElo "1598"]
[Result "1/2-1/2"]
[PlyCount "66"]
[EventDate "2016.09.15"]

1. e4 c5 2. Nf3 d6 3. c3 Nf6 4. Bb5+ Bd7 5. Bxd7+ Qxd7 6. d3 Nc6 7. O-O e5 8.
Bg5 Be7 9. Bxf6 Bxf6 10. Na3 O-O 11. Nd2 a6 12. f4 exf4 13. Rxf4 Be5 14. Rf3 b5
15. Rh3 g6 16. Nf3 Bf6 17. Qd2 h5 18. Rf1 Rae8 19. Ng5 Bxg5 20. Qxg5 Re5 21.
Qd2 Qe7 22. Nc2 Rg5 23. Ne3 Qd8 24. Nd5 Kg7 25. Nf6 Re5 26. Ng4 Qg5 27. Qxg5
Rxg5 28. Ne3 Ne7 29. Rhf3 Re5 30. Kh1 d5 31. Nxd5 Nxd5 32. exd5 Rxd5 33. b3 Rd6
1/2-1/2

[Event "Torneo A Autunno Vomero"]
[Site "Napoli ITA"]
[Date "2016.10.06"]
[Round "5"]
[White "Fortuna, Armando"]
[Black "Somma, Erminio"]
[WhiteElo "1657"]
[BlackElo "1561"]
[Result "1/2-1/2"]
[PlyCount "87"]
[EventDate "2016.09.15"]

1. e4 d5 2. exd5 Qxd5 3. Nc3 Qa5 4. d4 Nf6 5. Nf3 Bg4 6. Bd3 e6 7. O-O Nbd7 8.
Re1 Bb4 9. Bd2 O-O 10. h3 Bh5 11. a3 Bxc3 12. Bxc3 Qb6 13. g4 Bg6 14. Bxg6 hxg6
15. g5 Nd5 16. Ne5 Nxe5 17. Rxe5 Nxc3 18. bxc3 Qd6 19. c4 Rad8 20. c3 b6 21. h4
c5 22. h5 cxd4 23. cxd4 Qxd4 24. Qxd4 Rxd4 25. hxg6 fxg6 26. Rxe6 Rg4+ 27. Kf1
Rxg5 28. Rd1 Rgf5 29. Rd2 Kh7 30. Re7 R5f7 31. Red7 Rxd7 32. Rxd7 Rc8 33. Rxa7
Rxc4 34. Rb7 Ra4 35. Rxb6 Rxa3 36. Kg2 Ra5 37. f4 g5 38. Kg3 gxf4+ 39. Kxf4 g6
40. Rb7+ Kh6 41. Re7 g5+ 42. Kg4 Kg6 43. Re6+ Kf7 44. Rd6 1/2-1/2

[Event "Torneo A Autunno Vomero"]
[Site "Napoli ITA"]
[Date "2016.10.06"]
[Round "5"]
[White "Gallo, Thomas Renato"]
[Black "Di Meo, Antonio"]
[WhiteElo "1837"]
[BlackElo "1811"]
[Result "1-0"]
[PlyCount "111"]
[EventDate "2016.09.15"]

1. d4 b5 2. Nf3 Bb7 3. Bf4 e6 4. e3 a6 5. a4 b4 6. Bd3 Nf6 7. Nbd2 Be7 8. h3 d6
9. c3 bxc3 10. bxc3 Nd5 11. Bh2 Nd7 12. e4 N5f6 13. O-O O-O 14. a5 d5 15. Qe2
dxe4 16. Nxe4 Nxe4 17. Bxe4 Bxe4 18. Qxe4 c5 19. Rfb1 Nf6 20. Qd3 cxd4 21. cxd4
Nd5 22. Ne5 Bd6 23. Nc4 Bxh2+ 24. Kxh2 Qc7+ 25. g3 Rfb8 26. Rxb8+ Rxb8 27. Rb1
g6 28. Rxb8+ Qxb8 29. Ne5 Qb5 30. Qd2 Qf1 31. Ng4 f5 32. Ne3 Nxe3 33. fxe3 Kf7
34. Qg2 Qxg2+ 35. Kxg2 Ke7 36. Kf3 Kd6 37. Kf4 h6 38. e4 g5+ 39. Ke3 Kc6 40. h4
Kb5 41. d5 exd5 42. exf5 Kc5 43. f6 Kd6 44. f7 Ke7 45. Kd4 gxh4 46. gxh4 Kxf7
47. Kxd5 Kf6 48. Kc6 Ke6 49. Kb6 Kd7 50. Kxa6 Kc6 51. h5 Kc7 52. Kb5 Kb7 53.
Kc5 Ka6 54. Kd6 Kxa5 55. Ke6 Kb5 56. Kf6 1-0

[Event "Torneo A Autunno Vomero"]
[Site "Napoli ITA"]
[Date "2016.10.06"]
[Round "5"]
[White "Lombardo, Michele"]
[Black "Messina, Enrico"]
[WhiteElo "2080"]
[BlackElo "2201"]
[Result "0-1"]
[PlyCount "74"]
[EventDate "2016.09.15"]

1. g3 e5 2. Bg2 Nf6 3. c4 d6 4. Nc3 Be7 5. e4 O-O 6. Nge2 c5 7. d3 Nc6 8. f4
Bg4 9. h3 Bxe2 10. Qxe2 a6 11. O-O b5 12. b3 b4 13. Nd5 Nxd5 14. cxd5 Nd4 15.
Qd1 Bf6 16. Rb1 a5 17. g4 exf4 18. Bxf4 Bg5 19. Bg3 Be3+ 20. Kh2 Nb5 21. Rb2
Bd4 22. Rc2 a4 23. bxa4 Nc3 24. Qd2 Rxa4 25. Bf2 Bxf2 26. Rxf2 Qe7 27. d4 cxd4
28. Qxd4 b3 29. Qxc3 bxc2 30. Rxc2 f6 31. Qg3 Qe5 32. Rc6 Rd8 33. Qxe5 fxe5 34.
g5 Rxa2 35. Rc3 Rda8 36. h4 R8a3 37. Rc8+ Kf7 {...} 0-1

[Event "Torneo A Autunno Vomero"]
[Site "Napoli ITA"]
[Date "2016.10.06"]
[Round "5"]
[White "Mocerino, Dario"]
[Black "Tassaro, Renato"]
[WhiteElo "1503"]
[BlackElo "1588"]
[Result "0-1"]
[PlyCount "74"]
[EventDate "2016.09.15"]

1. e4 c5 2. Bc4 e6 3. Nf3 Ne7 4. O-O g6 5. c3 Bg7 6. d3 O-O 7. Bg5 h6 8. Be3 d5
9. Bb3 b6 10. Bc2 Nbc6 11. Nbd2 d4 12. cxd4 cxd4 13. Bf4 e5 14. Bg3 Bg4 15. Qc1
f5 16. h3 Bh5 17. Nc4 Bxf3 18. gxf3 f4 19. Bb3 Kh8 20. Bh2 Qd7 21. Kg2 g5 22.
Qd1 Ng6 23. Bg3 fxg3 24. fxg3 Rf6 25. Rc1 Raf8 26. a3 Rf4 27. Ba4 Qe6 28. Nd6
Nce7 29. Rc7 Qxd6 30. Qc2 Nh4+ 31. gxh4 gxh4 32. Bd7 Qg6+ 33. Kh2 Qg3+ 34. Kh1
Rxf3 35. Rxf3 Rxf3 36. Rc8+ Nxc8 37. Qxc8+ Bf8 0-1

[Event "Torneo A Autunno Vomero"]
[Site "Napoli ITA"]
[Date "2016.10.06"]
[Round "5"]
[White "Paduano, Claudio"]
[Black "Buonanno, Matteo Giovanni"]
[WhiteElo "1757"]
[BlackElo "1472"]
[Result "1-0"]
[PlyCount "89"]
[EventDate "2016.09.15"]

1. d4 e5 2. dxe5 Nc6 3. Nf3 d6 4. Bf4 Bg4 5. exd6 Qf6 6. Qc1 Bxd6 7. Bxd6 Qxd6
8. Nbd2 O-O-O 9. e3 Nge7 10. Be2 f6 11. c3 Nd5 12. b4 Rhe8 13. O-O g5 14. b5
Bxf3 15. Bxf3 Ne5 16. c4 Nxf3+ 17. Nxf3 Nb4 18. a3 Nd3 19. Qc2 Qe7 20. Nd4 Nc5
21. a4 h5 22. a5 Ne6 23. Nb3 Kb8 24. c5 Rd5 25. Rfc1 g4 26. a6 b6 27. cxb6 cxb6
28. Qc4 Red8 29. e4 R5d6 30. Qe2 Nf4 31. Qe3 Ne6 32. e5 R6d7 33. Re1 Nd4 34.
Nxd4 Rxd4 35. exf6 Qxf6 36. Rac1 R4d6 37. Qe4 Qf7 38. Qe5 Qd5 39. Qe2 Qf7 40.
Red1 Rxd1+ 41. Rxd1 Rxd1+ 42. Qxd1 Qc7 43. g3 Kc8 44. Qd5 Qe7 45. Qa8+ 1-0

[Event "Torneo A Autunno Vomero"]
[Site "Napoli ITA"]
[Date "2016.10.06"]
[Round "5"]
[White "Pellegrino, Giovanni"]
[Black "Esposito, Pino"]
[WhiteElo "1561"]
[BlackElo "1782"]
[Result "1-0"]
[PlyCount "87"]
[EventDate "2016.09.15"]

1. d4 d5 2. Nf3 Nf6 3. e3 Bg4 4. c4 e6 5. Qb3 b6 6. Ne5 c6 7. Nc3 Be7 8. h3 Bf5
9. Be2 Qd6 10. Bd2 Nfd7 11. Nf3 O-O 12. O-O Nf6 13. cxd5 exd5 14. Rac1 Rc8 15.
Na4 Qd8 16. Bb4 Ne4 17. Bxe7 Qxe7 18. Nc3 Ng5 19. Rfe1 Qf6 20. Nxg5 Qxg5 21.
Kf1 Re8 22. Bd3 Nd7 23. Ne2 Re6 24. Nf4 Rf6 25. Re2 Nf8 26. Rec2 Bd7 27. Qa3
Qh6 28. b4 g5 29. Ne2 Qh4 30. Ng1 Re8 31. Nf3 Rxf3 32. gxf3 Qxh3+ 33. Ke2 g4
34. fxg4 Qg2 35. Bf5 Ne6 36. Kd3 Nf4+ 37. Kc3 Ne6 38. Kb2 a5 39. bxa5 bxa5 40.
Qxa5 Rb8+ 41. Ka1 Qh2 42. Qa7 Qd6 43. Rh1 Be8 44. Bxe6 1-0

[Event "Torneo A Autunno Vomero"]
[Site "Napoli ITA"]
[Date "2016.10.06"]
[Round "5"]
[White "Taurisano, Vincenzo"]
[Black "Calvanese, Giuseppe"]
[WhiteElo "1850"]
[BlackElo "1599"]
[Result "1-0"]
[PlyCount "81"]
[EventDate "2016.09.15"]

1. e4 e5 2. Nf3 d6 3. d4 exd4 4. Nxd4 g6 5. c4 Bg7 6. Be2 Bd7 7. Nc3 Nc6 8. Be3
Nf6 9. f3 O-O 10. O-O Qc8 11. Qd2 Nxd4 12. Bxd4 Ne8 13. Nd5 Qd8 14. f4 f5 15.
e5 Bc6 16. Bf3 Kh8 17. Rae1 Qc8 18. e6 Bxd5 19. e7 Bxd4+ 20. Qxd4+ Rf6 21. Bxd5
Kg7 22. Be6 Qb8 23. Bd7 c5 24. Qc3 Kf7 25. Re3 Qc7 26. Ba4 a6 27. Rfe1 Rb8 28.
Bd1 b5 29. Bf3 b4 30. Bd5+ Kg7 31. Qd2 Qd7 32. Qe2 a5 33. b3 a4 34. h4 axb3 35.
axb3 Kh8 36. h5 Kg7 37. hxg6 Rxg6 38. Qb2+ Rf6 39. Rg3+ Kh6 40. Rh3+ Kg7 41.
Ree3 1-0

[Event "Torneo A Autunno Vomero"]
[Site "Napoli ITA"]
[Date "2016.10.13"]
[Round "6"]
[White "Calvanese, Giuseppe"]
[Black "Buonanno, Matteo Giovanni"]
[WhiteElo "1599"]
[BlackElo "1472"]
[Result "0-1"]
[PlyCount "63"]
[EventDate "2016.09.15"]

1. e4 c5 2. Nf3 d6 3. d4 cxd4 4. Nxd4 Nf6 5. Nc3 a6 6. Bg5 e6 7. Bd3 Be7 8. Qd2
Qc7 9. h3 b5 10. a3 Bb7 11. O-O O-O 12. f4 Nbd7 13. Qe2 Rfe8 14. Nf3 Nc5 15.
Rac1 Rad8 16. Rfe1 h6 17. Bh4 Nh5 18. Qe3 Bxh4 19. Nxh4 d5 20. exd5 Nxf4 21. b4
Nfxd3 22. cxd3 Nb3 23. Rc2 exd5 24. Qf2 Rxe1+ 25. Qxe1 d4 26. Qb1 dxc3 27. Qxb3
Rxd3 28. Qb1 Qd8 29. Kf2 Qxh4+ 30. Ke2 Qe4+ 31. Kf1 Rd2 32. Rxd2 0-1

[Event "Torneo A Autunno Vomero"]
[Site "Napoli ITA"]
[Date "2016.10.13"]
[Round "6"]
[White "Chiummo, Sergio"]
[Black "Paduano, Claudio"]
[WhiteElo "1912"]
[BlackElo "1757"]
[Result "1-0"]
[PlyCount "47"]
[EventDate "2016.09.15"]

1. c4 Nf6 2. Nf3 e6 3. Nc3 d5 4. d4 Nbd7 5. e3 Be7 6. Qc2 O-O 7. b3 b6 8. Bd3
Bb7 9. cxd5 exd5 10. O-O Re8 11. Bb2 Nf8 12. Ne5 a6 13. Rac1 Ne6 14. f4 c5 15.
Ne2 Rc8 16. Qb1 b5 17. Ng3 c4 18. Bf5 Qb6 19. Rc2 cxb3 20. axb3 Rxc2 21. Bxc2
Rc8 22. Rc1 Bd6 23. Nf5 Bxe5 24. Ne7+ $138 1-0

[Event "Torneo A Autunno Vomero"]
[Site "Napoli ITA"]
[Date "2016.10.13"]
[Round "6"]
[White "Cocchia, Umberto"]
[Black "Castellano, Riccardo"]
[WhiteElo "1835"]
[BlackElo "1598"]
[Result "1/2-1/2"]
[PlyCount "25"]
[EventDate "2016.09.15"]

1. e4 c5 2. Nc3 d6 3. g3 Nc6 4. Bg2 g6 5. d3 Bg7 6. f4 e6 7. Nf3 Nge7 8. O-O
O-O 9. Be3 Rb8 10. d4 cxd4 11. Nxd4 Qb6 12. Na4 Qa6 13. Nc3 1/2-1/2

[Event "Torneo A Autunno Vomero"]
[Site "Napoli ITA"]
[Date "2016.10.13"]
[Round "6"]
[White "Di Giovine, Massimo"]
[Black "Cosenza, Gianni"]
[WhiteElo "1588"]
[BlackElo "1908"]
[Result "1-0"]
[PlyCount "63"]
[EventDate "2016.09.15"]

1. d4 Nf6 2. c4 g6 3. Nc3 Bg7 4. e4 d6 5. Nf3 O-O 6. Be2 e5 7. d5 Nh5 8. O-O f5
9. exf5 Bxf5 10. Bg5 Nf6 11. Bd3 Qd7 12. Qc2 Bxd3 13. Qxd3 Na6 14. Bxf6 Nc5 15.
Qc2 Rxf6 16. b4 Na6 17. Rab1 Qg4 18. h3 Qh5 19. Ne4 Rff8 20. Nfg5 Bh6 21. Ne6
Rf7 22. c5 dxc5 23. bxc5 b6 24. d6 Qf5 25. Qc4 Re8 26. Nxc7 Nxc7 27. dxc7 Bf8
28. Nd6 Bxd6 29. cxd6 Kg7 30. Rfd1 Qd7 31. Rbc1 Rff8 32. Qc6 1-0

[Event "Torneo A Autunno Vomero"]
[Site "Napoli ITA"]
[Date "2016.10.13"]
[Round "6"]
[White "Di Meo, Antonio"]
[Black "Auletta, Pasquale"]
[WhiteElo "1811"]
[BlackElo "1635"]
[Result "1/2-1/2"]
[PlyCount "59"]
[EventDate "2016.09.15"]

1. b4 b6 2. a3 e6 3. Bb2 Nf6 4. e3 Bb7 5. Nf3 c5 6. b5 Be7 7. Be2 O-O 8. O-O a6
9. d4 Qc7 10. c4 axb5 11. cxb5 d5 12. dxc5 Bxc5 13. Nbd2 Nbd7 14. Rc1 Qd6 15.
a4 Rfc8 16. Nd4 e5 17. N4f3 Ba3 18. Rxc8+ Rxc8 19. Qb3 Bxb2 20. Qxb2 Qc7 21.
Qb4 Qc3 22. Qxc3 Rxc3 23. Ra1 Rc2 24. Bd1 Rb2 25. Rb1 Rxb1 26. Nxb1 Kf8 27. Kf1
h6 28. Nbd2 Ke7 29. Ke1 Kd6 30. Bc2 1/2-1/2

[Event "Torneo A Autunno Vomero"]
[Site "Napoli ITA"]
[Date "2016.10.13"]
[Round "6"]
[White "Esposito, Pino"]
[Black "Mocerino, Dario"]
[WhiteElo "1782"]
[BlackElo "1503"]
[Result "1/2-1/2"]
[PlyCount "92"]
[EventDate "2016.09.15"]

1. d4 d5 2. c4 Bf5 3. Nf3 c6 4. Nc3 e6 5. e3 Nf6 6. a3 Bd6 7. Be2 O-O 8. O-O
Nbd7 9. cxd5 cxd5 10. Bd2 Qb6 11. Na4 Qd8 12. Rc1 Be4 13. Nc5 Nxc5 14. dxc5 Bc7
15. b4 Ng4 16. h3 Nf6 17. Bc3 Bg6 18. Bb2 h6 19. Ne5 Bf5 20. Qd4 Rc8 21. b5
Bxe5 22. Qxe5 Qc7 23. Qd4 Rfe8 24. f4 Kf8 25. g4 Bh7 26. h4 Rcd8 27. g5 hxg5
28. hxg5 e5 29. fxe5 Ne4 30. c6 Qe7 31. Qb4 Qxb4 32. axb4 Re6 33. c7 Rc8 34.
Bg4 Nxg5 35. b6 a6 36. Bxe6 Nxe6 37. Rf2 Ng5 38. Rcf1 Nh3+ 39. Kh2 Nxf2 40.
Rxf2 Ke7 41. Kg3 Ke6 42. Kf4 Bf5 43. Bd4 g6 44. Rh2 Kd7 45. Bc5 Be6 46. Kg5 Kc6
1/2-1/2

[Event "Torneo A Autunno Vomero"]
[Site "Napoli ITA"]
[Date "2016.10.13"]
[Round "6"]
[White "Ficco, Corrado"]
[Black "Gallo, Thomas Renato"]
[WhiteElo "2041"]
[BlackElo "1837"]
[Result "1-0"]
[PlyCount "53"]
[EventDate "2016.09.15"]

1. Nf3 Nf6 2. d4 d5 3. c4 c6 4. Nc3 Bf5 5. cxd5 cxd5 6. Qb3 Qb6 7. Qxb6 axb6 8.
Bf4 Nc6 9. e3 e6 10. Bb5 Be7 11. Ne5 Rc8 12. Na4 O-O 13. Nxb6 Nb4 14. Nxc8 Nc2+
15. Ke2 Rxc8 16. Rac1 Ne4 17. Bd3 g5 18. Bg3 h5 19. f3 Nd6 20. Bxf5 exf5 21.
Nd3 h4 22. Bxd6 Bxd6 23. Kd2 f4 24. exf4 Rc4 25. Rxc2 Rxd4 26. fxg5 Kg7 27. b3
1-0

[Event "Torneo A Autunno Vomero"]
[Site "Napoli ITA"]
[Date "2016.10.13"]
[Round "6"]
[White "Mauro, Lucio"]
[Black "Fortuna, Armando"]
[WhiteElo "1598"]
[BlackElo "1657"]
[Result "1/2-1/2"]
[PlyCount "101"]
[EventDate "2016.09.15"]

1. e4 c5 2. Nf3 Nc6 3. Bb5 g6 4. Bxc6 bxc6 5. O-O Bg7 6. Nc3 d6 7. h3 Nf6 8. e5
Nd5 9. exd6 Qxd6 10. d4 Bf5 11. Nxd5 cxd5 12. c3 O-O 13. Re1 Rac8 14. Be3 c4
15. Re2 a5 16. Ne1 Rb8 17. Qd2 Qb6 18. Bh6 Rfe8 19. Bxg7 Kxg7 20. g4 Be4 21. f3
Bd3 22. Nxd3 cxd3 23. Qxd3 e5 24. Rae1 e4 25. fxe4 dxe4 26. Rxe4 Rxe4 27. Qxe4
Qxb2 28. Re2 Qb6 29. Kg2 Rc8 30. d5 Rxc3 31. Qe5+ Qf6 32. Qxf6+ Kxf6 33. Rd2
Rc7 34. Kf3 Ke5 35. Rd3 Rd7 36. Rb3 Rxd5 37. Rb7 Rd3+ 38. Kg2 Rd2+ 39. Kf3 Rxa2
40. Rxf7 a4 41. Rxh7 a3 42. Re7+ Kf6 43. Re1 Rb2 44. Ra1 a2 45. Kf4 g5+ 46. Kg3
Ke5 47. h4 gxh4+ 48. Kxh4 Kd4 49. g5 Kc3 50. g6 Rg2 51. Kh3 1/2-1/2

[Event "Torneo A Autunno Vomero"]
[Site "Napoli ITA"]
[Date "2016.10.13"]
[Round "6"]
[White "Melchior, Alex"]
[Black "Lombardo, Michele"]
[WhiteElo "1990"]
[BlackElo "2080"]
[Result "0-1"]
[PlyCount "92"]
[EventDate "2016.09.15"]

1. e4 g6 2. d4 Bg7 3. Nc3 c6 4. Nf3 d5 5. h3 Nf6 6. e5 Ne4 7. Nxe4 dxe4 8. Ng5
c5 9. e6 f6 10. Nf7 Qxd4 11. Be3 Qxd1+ 12. Rxd1 O-O 13. Bxc5 Nc6 14. Bc4 f5 15.
c3 Bf6 16. h4 b6 17. Be3 Na5 18. Bd5 Bb7 19. g4 fxg4 20. h5 Bxd5 21. Rxd5 Nc4
22. hxg6 hxg6 23. Bg5 Rxf7 24. exf7+ Kxf7 25. Bxf6 exf6 26. b3 Ne5 27. Ke2 Ke6
28. c4 Re8 29. Rh7 Nf7 30. Ke3 f5 31. a4 Re7 32. Rg7 Kf6 33. Rg8 g5 34. a5 f4+
35. Ke2 e3 36. a6 f3+ 37. Ke1 e2 38. Rd3 Ne5 39. Rd6+ Kf7 40. Rxg5 Re6 41. Rd5
Kf6 42. Rh5 g3 43. Rh6+ Kg7 44. Rh3 gxf2+ 45. Kxf2 Ng4+ 46. Kxf3 e1=Q 0-1

[Event "Torneo A Autunno Vomero"]
[Site "Napoli ITA"]
[Date "2016.10.13"]
[Round "6"]
[White "Messina, Enrico"]
[Black "Buonanno, Raffaele"]
[WhiteElo "2201"]
[BlackElo "1923"]
[Result "1-0"]
[PlyCount "59"]
[EventDate "2016.09.15"]

1. e4 d6 2. d4 Nf6 3. Nc3 g6 4. Nf3 Bg7 5. Be3 O-O 6. Qd2 a6 7. Bh6 Bg4 8. Bxg7
Kxg7 9. Ng5 e5 10. h3 Bd7 11. dxe5 dxe5 12. O-O-O Qe7 13. f4 exf4 14. Qxf4 Bc6
15. Bd3 b5 16. Rde1 Qc5 17. Rhf1 Nbd7 18. e5 Nh5 19. Qh2 b4 20. Rxf7+ Kg8 21.
Rxf8+ Nxf8 22. Nce4 Qa5 23. g4 b3 24. Qf2 Bd5 25. axb3 Nf4 26. Nf6+ Kg7 27.
Nxd5 Nxd3+ 28. cxd3 Qxd5 29. Qf6+ Kg8 30. e6 1-0

[Event "Torneo A Autunno Vomero"]
[Site "Napoli ITA"]
[Date "2016.10.13"]
[Round "6"]
[White "Paduano, Gennaro"]
[Black "Buiano, Fabio"]
[WhiteElo "1773"]
[BlackElo "2137"]
[Result "1/2-1/2"]
[PlyCount "102"]
[EventDate "2016.09.15"]

1. c4 c5 2. Nc3 g6 3. g3 Bg7 4. Bg2 Nc6 5. Nf3 d6 6. O-O e5 7. d3 Nge7 8. Rb1
O-O 9. a3 a5 10. Nb5 d5 11. cxd5 Nxd5 12. Nd2 Be6 13. Ne4 b6 14. Ng5 Qd7 15.
Nxe6 fxe6 16. Nc3 Rad8 17. Ne4 h6 18. Bd2 Nd4 19. b4 cxb4 20. axb4 a4 21. Bh3
Rc8 22. Ra1 Kh7 23. b5 Ra8 24. Bg4 a3 25. Ra2 Nxb5 26. e3 Nf6 27. Bf3 Rac8 28.
Bb4 Rfd8 29. Nxf6+ Bxf6 30. Be4 Qe8 31. Qg4 Kg7 32. h4 h5 33. Qf3 Be7 34. Bd2
Nd6 35. Rb1 Qa4 36. Bb4 Rf8 37. Qh1 Rc2 38. Rxa3 Qb5 39. Rab3 Rcxf2 40. Bxd6
Qxb3 41. Rxb3 Rf1+ 42. Kg2 R8f2+ 43. Kh3 Rxh1+ 44. Bxh1 Bxd6 45. Rxb6 Bc5 46.
Rxe6 Bxe3 47. Be4 Rf6 48. Rxe5 Bb6 49. Rd5 Be3 50. Rd7+ Rf7 51. Rd6 Rf6 1/2-1/2

[Event "Torneo A Autunno Vomero"]
[Site "Napoli ITA"]
[Date "2016.10.13"]
[Round "6"]
[White "Radice, Mario"]
[Black "Tassaro, Renato"]
[WhiteElo "1803"]
[BlackElo "1588"]
[Result "1-0"]
[PlyCount "93"]
[EventDate "2016.09.15"]

1. Nf3 Nf6 2. g3 g6 3. Bg2 Bg7 4. Nc3 O-O 5. d3 d6 6. O-O Nbd7 7. h3 b6 8. Be3
Bb7 9. Qd2 e6 10. Bh6 Bxf3 11. Bxf3 Rb8 12. Kg2 Ne5 13. Rh1 Nxf3 14. exf3 Qd7
15. h4 e5 16. g4 d5 17. h5 e4 18. dxe4 dxe4 19. Qxd7 Nxd7 20. Bxg7 exf3+ 21.
Kxf3 Kxg7 22. Nd5 c5 23. Rad1 Rbd8 24. Kg3 Rfe8 25. Rd2 Ne5 26. b3 Nc6 27. h6+
Kf8 28. Rhd1 Re4 29. Nf6 Rxd2 30. Rxd2 Re6 31. Nxh7+ Kg8 32. Ng5 Re5 33. h7+
Kg7 34. h8=Q+ Kxh8 35. Nxf7+ Kg7 36. Nxe5 Nxe5 37. f4 Nc6 38. c3 Kf7 39. Kh4
Ke6 40. Kg5 Kf7 41. Rd7+ Ke6 42. Rg7 Ne7 43. Rxe7+ Kxe7 44. Kxg6 Ke6 45. Kg7 a6
46. f5+ Ke5 47. f6 1-0

[Event "Torneo A Autunno Vomero"]
[Site "Napoli ITA"]
[Date "2016.10.13"]
[Round "6"]
[White "Scarnera, Francesco"]
[Black "De Maria, Dario"]
[WhiteElo "1665"]
[BlackElo "1544"]
[Result "1-0"]
[PlyCount "71"]
[EventDate "2016.09.15"]

1. e4 c5 2. Nf3 Nc6 3. d4 cxd4 4. Nxd4 e5 5. Nf5 d6 6. Ng3 Be7 7. c4 Nf6 8. Nc3
O-O 9. Be2 Nd4 10. O-O Be6 11. Be3 Nxe2+ 12. Qxe2 b6 13. Rad1 Rc8 14. b3 Ng4
15. Bc1 Bg5 16. Ba3 Be7 17. Nb5 a6 18. Nxd6 Bxd6 19. Bxd6 Re8 20. Bxe5 Qg5 21.
Bb2 Qh6 22. h3 Nf6 23. Rd6 b5 24. e5 Nd7 25. cxb5 axb5 26. f4 g6 27. Ne4 Bf5
28. Rxd7 Bxe4 29. Qxe4 Re6 30. f5 gxf5 31. Qxf5 Qg6 32. Qxf7+ Qxf7 33. Rfxf7
Rg6 34. e6 Re8 35. Rxh7 Rc8 36. Rh8# 1-0